| 000 | 00800nam a2200241 a 4500 | ||
|---|---|---|---|
| 001 | 000024557 | ||
| 005 | 20250725120243.0 | ||
| 008 | 110131s1983 mx a r 000 | spa d | ||
| 040 |
_aDO-SdBNP _bspa _cBNPHU |
||
| 082 |
_a394.14 _bG245j |
||
| 100 | 1 |
_aGarza, Fidel De la _950340 |
|
| 245 | 1 | 3 |
_aLa juventud y las drogas : _bguía para jovenes, padres y maestros / _cFidel De la Garza, Amando Vega. |
| 260 |
_aMexico : _bEditorial Trillas, _c1983. |
||
| 300 |
_a203 p. : _bil. ; _c23 cm. |
||
| 500 | _aIncluye índice analítico | ||
| 500 | _aSegunda reimpresión | ||
| 650 | 0 |
_aAbuso de sustancias _950341 |
|
| 650 | 4 |
_aDrogas y jovenes _950342 |
|
| 650 | 4 |
_aAlcohol y juventud _950343 |
|
| 650 | 4 |
_aBebidas alcoholicas _xAspectos sociales _93167 |
|
| 700 | 1 |
_aVega, Amando _950344 |
|
| 049 | _aBNGR | ||
| 999 |
_c24050 _d24050 |
||